Normal view
MARC view
- Vijayalakshmi Pai, GA
Entry Personal Name
001 - CONTROL NUMBER
- control field: 7232
003 - CONTROL NUMBER IDENTIFIER
- control field: OSt
005 - DATE AND TIME OF LATEST TRANSACTION
- control field: 20250222144332.0
008 - FIXED-LENGTH DATA ELEMENTS
- fixed length control field: 250222|| aca||aabn | a|a d
040 ## - CATALOGING SOURCE
- Original cataloging agency: OSt
- Transcribing agency: OSt
100 ## - HEADING--PERSONAL NAME
- Personal name: Vijayalakshmi Pai, GA
670 ## - SOURCE DATA FOUND
- Source citation: Work cat.: (OSt)19441: Rajasekaran, S 7231, Neural Networks, Fuzzy logic and Genetic Algorithms :, 2007.
